00810nam a22002657a 45000010005000000030006000050050017000110080041000280200018000690400029000870500013001160820008001291000028001372450087001652500009002522600035002613000045002965050008003415200080003495210019004295210019004486500023004676500024004907000030005145019FISKH20250827093913.0241031b cb ||||| |||| 00| 0 eng d a9780590461030 aFISKHbengcFISKHdFISKH aQC73.B47 2530 aBerger, Melvind(1927-) aSound, heat & light: energy at work /cby Melvin Berger illustrated by Anna Divito a1992 aNew York :bScholastic,c1992. a40 pages :bcolor illustrations ;c22 cm aJ  aEasy-to-grasp explanation of three forms of energy: sound, heat, and light.8 a490 bLexile 8 aJ bRaz-Plus  2Non-fictionaSound 2HeataInformational aDivito, AnnadIllustrator